Industrial Internet of Things : Cybermanufacturing Systems /

Saved in:
Bibliographic Details
Other Authors: Jeschke, Sabina (Editor), Brecher, Christian (Editor), Song, Houbing (Editor), Rawat, Danda B. (Editor)
Format: Book
Published: Cham : Springer, 2017
Tags: Add Tag
No Tags, Be the first to tag this record!

MARC

LEADER 00000nam a22000003a 4500
001 0032374
003 SK-STU
005 20180417110009.4
007 ta
008 180417s ----xo-----e------000-0-----d
020 |a 978-3-319-42558-0 
040 |a STU  |b slo 
041 0 |b eng 
044 |a sz 
080 |a 681.25 
100 1 |a Jeschke, Sabina  |4 edt  |r Z6 
245 1 0 |a Industrial Internet of Things :  |b Cybermanufacturing Systems /  |c ed. Sabina Jeschke ; ed. Christian Brecher, Houbing Song, Danda B Rawat 
260 |a Cham :  |b Springer,  |c 2017 
300 |a 715 s. 
700 1 |a Brecher, Christian  |r Z6  |4 edt 
700 1 |a Song, Houbing  |r Z6  |4 edt 
700 1 |a Rawat, Danda B.  |r Z6  |4 edt 
996 |b 284EK89951  |c E* 89951  |l EE30  |s P  |a 0  |w 0032374_0001